[Event "Women's Speed Chess Q8"]
[Site "chess.com INT"]
[Date "2021.06.06"]
[Round "3"]
[White "Sliwicka, Alicja"]
[Black "Kanyamarala, Trisha"]
[Result "1-0"]
[WhiteTitle "WIM"]
[BlackTitle "WIM"]
[WhiteElo "2308"]
[BlackElo "2180"]
[WhiteFideId "1150677"]
[BlackFideId "45004722"]
[EventDate "2021.06.06"]

1. e4 c5 2. Nf3 d6 3. d4 cxd4 4. Nxd4 Nf6 5. Nc3 Nc6 6. Bg5 e6 7. Bb5 Bd7 8.
Bxc6 bxc6 9. Qf3 Be7 10. e5 Nd5 11. Bxe7 Qxe7 12. exd6 Qxd6 13. O-O O-O 14. Rad1
Rab8 15. Ne4 Qe7 16. c4 Nb6 17. b3 c5 18. Ne2 Bc6 19. Qe3 Nd7 20. Nd6 Rfd8 21.
Ng3 Qf8 22. f4 Ba8 23. Rd3 Nf6 24. Rfd1 Rb6 25. Qxc5 Rc6 26. Qa3 h6 27. c5 Nd5
28. Ne2 Qe7 29. b4 a5 30. b5 Rcxd6 31. cxd6 Rxd6 32. Qxa5 Bb7 33. Nd4 Qf6 34. f5
Qg5 35. Rg3 Qf4 36. fxe6 fxe6 37. Qd2 Qxd2 38. Rxd2 Nf4 39. Kf2 e5 40. Nb3 Rb6
41. a4 Bd5 42. Nc5 1-0

[Event "Women's Speed Chess Q8"]
[Site "chess.com INT"]
[Date "2021.06.06"]
[Round "3"]
[White "Gevorgyan, Maria"]
[Black "Kubicka, Anna"]
[Result "1-0"]
[WhiteTitle "WGM"]
[BlackTitle "WIM"]
[WhiteElo "2219"]
[BlackElo "2210"]
[WhiteFideId "13300270"]
[BlackFideId "1152254"]
[EventDate "2021.06.06"]

1. e4 c5 2. Nc3 a6 3. d4 cxd4 4. Qxd4 Nc6 5. Qd2 g6 6. b3 Bg7 7. Bb2 Nf6 8.
O-O-O O-O 9. Kb1 b5 10. f3 d6 11. g4 Be6 12. h4 Nd7 13. h5 Nc5 14. hxg6 fxg6 15.
Qh2 h6 16. Nge2 Ne5 17. Bg2 Nxf3 18. Bxf3 Rxf3 19. Nd5 Bxb2 20. Kxb2 Qf8 21. Nd4
Rf2 22. Qxh6 Qxh6 23. Rxh6 Bxd5 24. exd5 Kg7 25. Rdh1 Nd3+ 26. Kc3 Ne5 27. g5
Rc8+ 28. Kb2 Nf7 29. Rh7+ Kg8 30. Kb1 Kf8 31. Rh8+ Nxh8 32. Rxh8+ Kf7 33. Rxc8
Rd2 34. c3 b4 35. Nc6 bxc3 36. Nd8+ Kg7 37. Ne6+ Kh7 38. Re8 Rxd5 39. Rxe7+ Kg8
40. Rg7+ Kh8 41. Rxg6 Re5 42. Kc2 Re3 43. Nf4 Rf3 44. Nd5 Rf2+ 45. Kxc3 Rxa2 46.
Nf6 1-0

[Event "Women's Speed Chess Q8"]
[Site "chess.com INT"]
[Date "2021.06.06"]
[Round "3"]
[White "Babiy, Olga"]
[Black "Obregon Garcia, Roxangel"]
[Result "1-0"]
[WhiteTitle "WGM"]
[BlackTitle "WIM"]
[WhiteElo "2280"]
[BlackElo "2167"]
[WhiteFideId "14117258"]
[BlackFideId "3520420"]
[EventDate "2021.06.06"]

1. d4 d5 2. Bf4 Nf6 3. Nf3 c5 4. e3 Nc6 5. Nbd2 cxd4 6. exd4 Nh5 7. Bg5 h6 8.
Bh4 g5 9. Ne5 Nxe5 10. dxe5 gxh4 11. Qxh5 Bg7 12. Bb5+ Kf8 13. Bd3 Qa5 14. a3
Qb6 15. O-O-O Be6 16. f4 Rc8 17. f5 Bxe5 18. b3 Qd4 19. Nf3 Qb2+ 20. Kd2 Bf4+
21. Ke2 Bd7 22. Qxh4 Bd6 23. Rhe1 Qc3 24. Kf1 Bxa3 25. Ne5 Be8 26. Re3 Bd6 27.
Ng4 Qg7 28. f6 exf6 29. Rde1 Bc6 30. Nxf6 1-0

[Event "Women's Speed Chess Q8"]
[Site "chess.com INT"]
[Date "2021.06.06"]
[Round "3"]
[White "Perez Rodriguez, Jennifer"]
[Black "Arpita, Mukherjee"]
[Result "0-1"]
[WhiteTitle "WIM"]
[BlackTitle "WIM"]
[WhiteElo "2251"]
[BlackElo "2206"]
[WhiteFideId "3507831"]
[BlackFideId "5056403"]
[EventDate "2021.06.06"]

1. e4 c5 2. c3 d5 3. exd5 Qxd5 4. d4 g6 5. Nf3 Bg7 6. Be3 cxd4 7. Nxd4 Nf6 8.
Na3 a6 9. Nc4 Nbd7 10. Nf3 O-O 11. Be2 b5 12. Ncd2 Bb7 13. h3 e5 14. O-O Rfe8
15. Qb3 Qxb3 16. Nxb3 Nd5 17. Bd2 Rac8 18. Rad1 e4 19. Nfd4 f5 20. Na5 Ba8 21.
Bc1 Nc5 22. c4 bxc4 23. Bxc4 Nd3 24. Bxd3 exd3 25. Rxd3 Nb4 26. Rdd1 Nxa2 27.
Be3 Nb4 28. Rd2 Nd5 29. Bg5 h6 30. Bh4 Nf4 31. Kh2 Nxg2 32. Bg3 f4 33. Rc1 fxg3+ 0-1

[Event "Women's Speed Chess Q8"]
[Site "chess.com INT"]
[Date "2021.06.06"]
[Round "3"]
[White "Mohota, Nisha"]
[Black "Torres Hernandez, Leslie Carolin"]
[Result "1-0"]
[WhiteTitle "IM"]
[BlackTitle "WFM"]
[WhiteElo "2195"]
[BlackElo "1884"]
[WhiteFideId "5004330"]
[BlackFideId "8400504"]
[EventDate "2021.06.06"]

1. d4 c6 2. c4 d5 3. Nf3 Nf6 4. Nc3 Bf5 5. cxd5 Nxd5 6. Qb3 Bc8 7. e4 Nxc3 8.
bxc3 e6 9. Be2 Be7 10. O-O O-O 11. Be3 Nd7 12. Rfd1 Nf6 13. e5 Nd5 14. Bd2 a5
15. c4 Nb4 16. a3 Na6 17. Be3 Qc7 18. Bg5 Bxg5 19. Nxg5 c5 20. Qd3 g6 21. Qh3 f5
22. d5 exd5 23. cxd5 h5 24. d6 Qg7 25. Bc4+ Kh8 26. e6 Nb8 27. Rab1 Qe5 28. Nf7+
Rxf7 29. exf7 Nd7 30. Qh4 Kg7 31. Qd8 Kh6 32. f8=Q+ Nxf8 33. Qxf8+ Kg5 34. Qe7+
Qxe7 35. dxe7 1-0

[Event "Women's Speed Chess Q8"]
[Site "chess.com INT"]
[Date "2021.06.06"]
[Round "3"]
[White "Varney, Zoe"]
[Black "Pourkashiyan, Atousa"]
[Result "0-1"]
[WhiteTitle "WCM"]
[BlackTitle "WGM"]
[WhiteElo "1917"]
[BlackElo "2322"]
[WhiteFideId "436135"]
[BlackFideId "12502014"]
[EventDate "2021.06.06"]

1. e4 c5 2. Nf3 e6 3. d4 cxd4 4. Nxd4 a6 5. Nc3 Qc7 6. Bd2 Nf6 7. f3 Bd6 8. g3
Bc5 9. Be3 Bb4 10. Bd2 b5 11. Bg2 Bc5 12. Be3 Qb6 13. Qd3 Nc6 14. O-O-O Ne5 15.
Qe2 O-O 16. Rhe1 Bb7 17. h3 Rac8 18. f4 Nc4 19. Bf2 d5 20. e5 Ne4 21. Nxe4 dxe4
22. Bxe4 Bxe4 23. Qxe4 Qa5 24. Kb1 Qb4 25. b3 Na3+ 26. Kb2 Bxd4+ 27. Rxd4 Rxc2+
28. Qxc2 Nxc2 29. Rxb4 Nxb4 0-1

[Event "Women's Speed Chess Q8"]
[Site "chess.com INT"]
[Date "2021.06.06"]
[Round "3"]
[White "Pandey, Srishti"]
[Black "Priyanka, K"]
[Result "1-0"]
[WhiteTitle "WFM"]
[BlackTitle "WIM"]
[WhiteElo "2026"]
[BlackElo "2218"]
[WhiteFideId "35093290"]
[BlackFideId "5082986"]
[EventDate "2021.06.06"]

1. d4 Nf6 2. c4 g6 3. Nc3 Bg7 4. e4 d6 5. Bd3 O-O 6. Nge2 e5 7. O-O Nc6 8. d5
Ne7 9. Ng3 h5 10. Bg5 Nh7 11. Be3 h4 12. Nge2 f5 13. exf5 gxf5 14. f4 e4 15. Bc2
Nf6 16. Bd4 Rf7 17. Qd2 Ng4 18. h3 Bxd4+ 19. Nxd4 Nf6 20. Ne6 Bxe6 21. dxe6 Rg7
22. Nd5 Nh5 23. Bb3 c6 24. Ne3 Qb6 25. Kh2 Rg3 26. Rae1 Qc5 27. Rf2 a5 28. a3
Kh7 29. Ba2 a4 30. Bb1 Rag8 31. Bc2 R3g6 32. Bxa4 Rxe6 33. b4 Qa7 34. Bd1 Nf6
35. a4 Qb8 36. b5 d5 37. cxd5 cxd5 38. Nc2 Rd8 39. Nd4 Red6 40. Qe3 Qa7 41. Ra2 1-0

[Event "Women's Speed Chess Q8"]
[Site "chess.com INT"]
[Date "2021.06.06"]
[Round "3"]
[White "Petrova, Irina"]
[Black "Matveeva, Olga"]
[Result "1-0"]
[WhiteTitle "WIM"]
[BlackTitle "WIM"]
[WhiteElo "2110"]
[BlackElo "2145"]
[WhiteFideId "14124122"]
[BlackFideId "24107018"]
[EventDate "2021.06.06"]

1. e4 e6 2. Nf3 d5 3. Nc3 Nf6 4. e5 Nfd7 5. Ne2 c5 6. c3 Nc6 7. d4 f6 8. exf6
Nxf6 9. Ng3 Bd6 10. Bd3 O-O 11. Bg5 Qc7 12. O-O e5 13. dxe5 Nxe5 14. Nxe5 Bxe5
15. Bxf6 Rxf6 16. Qh5 g6 17. Qe2 Bd7 18. Bb5 Re8 19. Bxd7 Qxd7 20. Qd3 Rd6 21.
Rad1 Qg4 22. Qb5 Rf8 23. Qxc5 Kg7 24. Rxd5 Rxd5 25. Qxd5 Qf4 26. Qxb7+ Rf7 27.
Qe4 Qf6 28. f3 Qb6+ 29. Kh1 Bxg3 30. hxg3 Qxb2 31. Qd4+ Kg8 32. a4 Rf5 33. Re1
Rh5+ 34. Kg1 Qb6 35. Qxb6 axb6 36. Re8+ Kf7 37. Rb8 Rc5 38. Rxb6 Rxc3 39. a5 Ra3
40. a6 h5 41. Rb7+ Kf6 42. Ra7 Ra2 43. Ra8 Kg5 44. a7 Ra6 45. Kh2 Ra2 46. Kh3 1-0

[Event "Women's Speed Chess Q8"]
[Site "chess.com INT"]
[Date "2021.06.06"]
[Round "3"]
[White "Agrest, Inna"]
[Black "Kashlinskaya, Alina"]
[Result "1/2-1/2"]
[WhiteTitle "WIM"]
[BlackTitle "IM"]
[WhiteElo "2285"]
[BlackElo "2494"]
[WhiteFideId "1708830"]
[BlackFideId "4198026"]
[EventDate "2021.06.06"]

1. e4 e6 2. d4 d5 3. Nc3 Nf6 4. Bg5 dxe4 5. Nxe4 Be7 6. Bxf6 gxf6 7. Nf3 f5 8.
Nc3 a6 9. Qe2 Qd6 10. O-O-O Nd7 11. Kb1 b5 12. a3 Bb7 13. Ne5 Nxe5 14. dxe5 Qb6
15. f3 Rd8 16. Rd3 Rxd3 17. Qxd3 Qf2 18. Be2 Qxg2 19. Rd1 Bc6 20. Qe3 Qxh2 21.
f4 O-O 22. Bf3 Bxf3 23. Qxf3 Qh4 24. Ne2 Kh8 25. Rh1 Qg4 26. Qf2 Rg8 27. Nd4 Bc5
28. c3 Bxd4 29. Qxd4 Qg2 30. Re1 Qh2 31. Ka2 Qc2 32. Qd7 Rg2 33. Rb1 Qe4 34.
Qd8+ Kg7 35. Qf6+ Kg8 36. Qd8+ Kg7 37. Qf6+ Kf8 38. Qd8+ Kg7 1/2-1/2

[Event "Women's Speed Chess Q8"]
[Site "chess.com INT"]
[Date "2021.06.06"]
[Round "3"]
[White "Doluhanova, Evgeniya"]
[Black "Bulmaga, Irina"]
[Result "0-1"]
[WhiteTitle "WGM"]
[BlackTitle "IM"]
[WhiteElo "2192"]
[BlackElo "2440"]
[WhiteFideId "14112035"]
[BlackFideId "13903063"]
[EventDate "2021.06.06"]

1. e4 c5 2. Nf3 a6 3. c4 Nc6 4. Nc3 e5 5. d3 d6 6. Be3 g6 7. Qd2 Bg7 8. Rb1 Bg4
9. Be2 Bxf3 10. Bxf3 Nd4 11. Bxd4 cxd4 12. Nd5 Ne7 13. Nxe7 Qxe7 14. b4 O-O 15.
O-O b6 16. a4 a5 17. bxa5 Rxa5 18. Rxb6 Rxa4 19. Rfb1 h5 20. h3 Kh7 21. Rb7 Qe6
22. Qg5 Bf6 23. Qc1 Ra2 24. Qd1 Bh4 25. R7b2 Rfa8 26. Bxh5 Rxb2 27. Rxb2 gxh5
28. Qxh5+ Qh6 29. Qxf7+ Kh8 30. Rb7 Ra1+ 31. Kh2 Qf4+ 32. Qxf4 exf4 33. g3 fxg3+
34. fxg3 Ra2+ 35. Kg1 Bxg3 36. Rc7 Rc2 37. Rd7 Rd2 38. h4 Rxd3 39. h5 Rc3 40.
Kg2 Be5 41. Rc7 d3 42. Kf3 Bg7 43. Ke3 Bh6+ 44. Kf2 d2 45. Ke2 Rc1 0-1

[Event "Women's Speed Chess Q8"]
[Site "chess.com INT"]
[Date "2021.06.06"]
[Round "3"]
[White "Buksa, Nataliya"]
[Black "Antolak, Julia"]
[Result "1-0"]
[WhiteTitle "IM"]
[BlackTitle "WIM"]
[WhiteElo "2413"]
[BlackElo "2309"]
[WhiteFideId "14123622"]
[BlackFideId "1159569"]
[EventDate "2021.06.06"]

1. e4 c5 2. b3 Nf6 3. e5 Nd5 4. Bb2 g6 5. e6 f6 6. exd7+ Bxd7 7. Bc4 Bc6 8. Nf3
Bg7 9. O-O a6 10. a4 O-O 11. Nc3 Kh8 12. d4 Nxc3 13. Bxc3 Bxf3 14. Qxf3 cxd4 15.
Qxb7 Nd7 16. Bxd4 e5 17. Bb2 Nc5 18. Qd5 Qc7 19. Rad1 f5 20. Ba3 Rfc8 21. Qd6 e4
22. Qxc7 Rxc7 23. g3 h6 24. Kg2 a5 25. h4 Kh7 26. Bb5 Ne6 27. c4 Nd4 28. Bb2
Nxb3 29. Bxg7 Kxg7 30. h5 Nc5 31. Rd6 gxh5 32. Rh1 Rf7 33. Rxh5 Rh8 34. Rd5 Nd3
35. Rhxf5 Rxf5 36. Rxf5 Kg6 37. Rd5 Rf8 38. f4 exf3+ 39. Kf1 Nb4 40. Rd4 Kg5 41.
c5 Nc2 42. Rd5+ Kg4 43. Kf2 Re8 44. Bxe8 1-0

[Event "Women's Speed Chess Q8"]
[Site "chess.com INT"]
[Date "2021.06.06"]
[Round "3"]
[White "Bivol, Alina"]
[Black "Szente Varga, Fruzsina"]
[Result "1-0"]
[WhiteTitle "WGM"]
[BlackTitle "WFM"]
[WhiteElo "2374"]
[BlackElo "2100"]
[WhiteFideId "4100123"]
[BlackFideId "712264"]
[EventDate "2021.06.06"]

1. e4 e5 2. d4 exd4 3. c3 Nf6 4. e5 Nd5 5. cxd4 d6 6. Nf3 Be7 7. Be2 O-O 8. O-O
Nc6 9. Qb3 Nb6 10. Be3 Be6 11. Qc2 dxe5 12. dxe5 Nd5 13. Bd2 Ncb4 14. Qc1 c5 15.
a3 Nc6 16. Nc3 Nd4 17. Nxd4 cxd4 18. Ne4 Rc8 19. Qd1 Bf5 20. Bf3 Nb6 21. Bf4 Nd5
22. Bg3 Qb6 23. Nd6 Bxd6 24. exd6 Nf6 25. Be5 d3 26. Qd2 Rc2 27. Qf4 Bg6 28. h4
Nd7 29. Bc3 h6 30. h5 Bh7 31. Qg4 Rxc3 32. bxc3 Ne5 33. Qf4 Qxd6 34. Bxb7 Rb8
35. Be4 Bxe4 36. Qxe4 Qf6 37. Rad1 Rd8 38. Rfe1 Nc6 39. Rxd3 Rxd3 40. Qxd3 Ne7
41. Qd8+ Kh7 42. Qxe7 Qxc3 43. Qe4+ Kg8 44. Rd1 Qc7 45. Qd4 g6 46. Qd8+ Qxd8 47.
Rxd8+ Kg7 48. hxg6 Kxg6 49. Rd7 1-0

[Event "Women's Speed Chess Q8"]
[Site "chess.com INT"]
[Date "2021.06.06"]
[Round "3"]
[White "Socko, Monika"]
[Black "Linares Napoles, Oleiny"]
[Result "1-0"]
[WhiteTitle "GM"]
[BlackTitle "WGM"]
[WhiteElo "2393"]
[BlackElo "2255"]
[WhiteFideId "1106619"]
[BlackFideId "3504794"]
[EventDate "2021.06.06"]

1. d4 Nf6 2. c4 g6 3. Nf3 Bg7 4. g3 O-O 5. Bg2 d6 6. O-O Nbd7 7. Qc2 e5 8. Rd1
Qe7 9. Nc3 c6 10. b3 Re8 11. e3 a6 12. Ba3 e4 13. Nd2 Nf8 14. Ndxe4 Bf5 15.
Nxf6+ Qxf6 16. e4 Bg4 17. Rd3 Rad8 18. Re1 Ne6 19. e5 dxe5 20. dxe5 Qf5 21. Rxd8
Qxc2 22. Rxe8+ Bf8 23. Ne4 Kg7 24. Bxf8+ Nxf8 25. Nf6 Bd7 26. Re7 Be6 27. Rxb7
Qc3 28. Rd1 Qxe5 29. Ne8+ Kh6 30. Nd6 Qe2 31. Rf1 Qxa2 32. Bxc6 Kg7 33. Kg2 h5
34. Bd5 Qd2 35. Bxe6 Nxe6 36. Nxf7 Kf6 37. h4 Qe2 38. Ng5 Nxg5 39. hxg5+ Kxg5
40. Rd7 Qe4+ 41. f3 Qe3 42. b4 Qe2+ 43. Rf2 Qxc4 44. Rfd2 Kh6 45. Re7 Qxb4 46.
Rdd7 Qb2+ 47. Kh3 Kg5 48. Rf7 h4 49. f4+ Kh6 50. Rh7# 1-0

[Event "Women's Speed Chess Q8"]
[Site "chess.com INT"]
[Date "2021.06.06"]
[Round "3"]
[White "Gaponenko, Inna"]
[Black "Antonova, Nadezhda"]
[Result "1-0"]
[WhiteTitle "IM"]
[BlackTitle "WFM"]
[WhiteElo "2357"]
[BlackElo "1877"]
[WhiteFideId "14101181"]
[BlackFideId "14700182"]
[EventDate "2021.06.06"]

1. e4 c5 2. c3 d5 3. exd5 Qxd5 4. d4 Nc6 5. Nf3 Bg4 6. Be2 e6 7. O-O Nf6 8. Be3
cxd4 9. cxd4 Be7 10. h4 O-O 11. Nc3 Qd8 12. g3 Nd5 13. Bg5 Bxf3 14. Bxf3 Nxc3
15. bxc3 Bxg5 16. hxg5 Qxg5 17. Rb1 Rab8 18. Qa4 Na5 19. d5 b6 20. dxe6 fxe6 21.
Bg4 e5 22. Be6+ Kh8 23. Kg2 Rbe8 24. Bd5 Qf5 25. Rb4 h6 26. Rh4 Rd8 27. c4 Rxd5
28. cxd5 Qf3+ 29. Kg1 Qxd5 30. Qe4 Qd6 31. Rc1 Qd2 32. Rc2 Qd6 33. Kg2 Qf6 34.
Rh5 Re8 35. Rf5 Qd6 36. Rf7 Qe6 37. Rcc7 Rg8 38. Rfe7 Qf6 39. Qxe5 Qxe5 40. Rxe5
a6 41. Re6 b5 42. Rxa6 Nc4 43. Rb7 1-0

[Event "Women's Speed Chess Q8"]
[Site "chess.com INT"]
[Date "2021.06.06"]
[Round "3"]
[White "Tokhirjonova, Gulrukhbegim"]
[Black "Dong, Khanh Linh"]
[Result "1-0"]
[WhiteTitle "WGM"]
[BlackTitle "WCM"]
[WhiteElo "2344"]
[BlackElo "1970"]
[WhiteFideId "14203626"]
[BlackFideId "12403040"]
[EventDate "2021.06.06"]

1. e4 c5 2. Nf3 d6 3. d4 cxd4 4. Nxd4 Nf6 5. Nc3 a6 6. h3 e5 7. Nde2 Be6 8. g4
d5 9. exd5 Nxd5 10. Bg2 Nxc3 11. Qxd8+ Kxd8 12. Nxc3 Kc7 13. O-O Nc6 14. f4 Bc5+
15. Kh1 Rad8 16. Ne4 Kb6 17. c3 exf4 18. Bxf4 Be7 19. a4 Rd3 20. b4 h5 21. b5
Na5 22. bxa6 Kxa6 23. Rfb1 hxg4 24. Bf1 Rxh3+ 25. Kg1 Bd5 26. Nf2 Bc5 27. Bxd3+
Rxd3 28. Rd1 Rxd1+ 29. Rxd1 Bf3 30. Rd7 f6 31. Kf1 g5 32. Bg3 Nc6 33. Nd3 Bb6
34. Rf7 Na5 35. Rxf6 Nc4 36. Bc7 Ka7 37. Bxb6+ Nxb6 38. Nc5 Nd5 39. Rf7 Nxc3 40.
a5 Nb5 41. a6 Nd6 42. Rd7 Kb6 43. Rxd6+ Kxc5 44. a7 b5 45. Rf6 1-0

[Event "Women's Speed Chess Q8"]
[Site "chess.com INT"]
[Date "2021.06.06"]
[Round "3"]
[White "Papp, Petra"]
[Black "Yu, Jennifer"]
[Result "1-0"]
[WhiteTitle "WGM"]
[BlackTitle "FM"]
[WhiteElo "2336"]
[BlackElo "2316"]
[WhiteFideId "739049"]
[BlackFideId "2078341"]
[EventDate "2021.06.06"]

1. e4 g6 2. d4 Bg7 3. Nc3 d6 4. Be3 a6 5. Qd2 b5 6. O-O-O Bb7 7. f3 Nd7 8. Kb1
h5 9. h4 Ngf6 10. Nh3 e6 11. Ng5 Qe7 12. d5 exd5 13. exd5 b4 14. Nce4 Nxd5 15.
Bc4 c6 16. Bf4 Ne5 17. Bb3 O-O 18. g4 Nxf4 19. Qxf4 d5 20. Ng3 hxg4 21. h5 Qf6
22. Qc1 Bh6 23. f4 Nf3 24. hxg6 Qxg6 25. Nxf3 gxf3 26. Rdg1 f2 27. Rg2 c5 28.
Rxh6 Qxh6 29. Nf5+ Qg6 30. Ne7+ Kg7 31. Nxg6 fxg6 32. Rxf2 c4 33. Ba4 d4 34. Qe1
Rf7 35. Qxb4 Rh8 36. a3 Rh1+ 37. Ka2 Bd5 38. Qd6 Rf5 39. c3 d3 40. Bd7 Rfh5 41.
Be6 Bxe6 42. Qxe6 R1h2 43. Qe7+ Kh6 44. Qf8+ Kh7 45. Rxh2 Rxh2 46. Qf7+ Kh6 47.
Qxc4 d2 48. Qd4 Re2 49. Qh8# 1-0

[Event "Women's Speed Chess Q8"]
[Site "chess.com INT"]
[Date "2021.06.06"]
[Round "3"]
[White "Fominykh, Maria"]
[Black "Maltsevskaya, Aleksandra"]
[Result "0-1"]
[WhiteTitle "WGM"]
[BlackTitle "WGM"]
[WhiteElo "2206"]
[BlackElo "2390"]
[WhiteFideId "4142411"]
[BlackFideId "24174041"]
[EventDate "2021.06.06"]

1. d4 Nf6 2. c4 c5 3. d5 b5 4. cxb5 a6 5. b6 Qxb6 6. Nc3 g6 7. Nf3 Bg7 8. Nd2
O-O 9. e4 e6 10. Nc4 Qd8 11. d6 Bb7 12. Bd3 Nc6 13. O-O Qb8 14. Na4 Qa7 15. Be3
Nd4 16. Nab6 Nxe4 17. Nxa8 Bxa8 18. f3 Nf6 19. Kh1 Nd5 20. Bg1 f5 21. Rc1 Qb8
22. Qa4 Bc6 23. Qa3 Nb4 24. Bb1 Qd8 25. Qa5 Qh4 26. Qxc5 Ne2 27. Bf2 Qh5 28.
Rce1 Qxf3 29. Rg1 Qh5 30. Qxb4 f4 31. Rxe2 Qxe2 32. Nd2 Qxf2 33. Ne4 Qd4 34.
Qxd4 Bxd4 35. Rd1 Bxb2 36. Nc5 f3 37. Kg1 fxg2 38. Be4 Ba3 39. Bxc6 Bxc5+ 40.
Kxg2 dxc6 41. d7 Rd8 42. Kf3 e5 43. Ke4 Bd4 44. Rc1 c5 45. Rc4 Rxd7 0-1

[Event "Women's Speed Chess Q8"]
[Site "chess.com INT"]
[Date "2021.06.06"]
[Round "3"]
[White "Padmini, Rout"]
[Black "Pavlidou, Ekaterini"]
[Result "1-0"]
[WhiteTitle "IM"]
[BlackTitle "WIM"]
[WhiteElo "2370"]
[BlackElo "2157"]
[WhiteFideId "5029295"]
[BlackFideId "4213262"]
[EventDate "2021.06.06"]

1. e4 c5 2. Nf3 Nc6 3. Nc3 Nf6 4. Bb5 Qc7 5. O-O a6 6. Bxc6 dxc6 7. d3 e5 8. Nh4
g6 9. f4 Nd7 10. f5 Be7 11. Nf3 f6 12. Nh4 g5 13. Qh5+ Kd8 14. Ng6 Re8 15. Qxh7
c4 16. dxc4 Nb6 17. Nxe7 Qxe7 18. Qxe7+ Rxe7 19. b3 Kc7 20. Ba3 Rd7 21. Rad1
Rxd1 22. Rxd1 Nd7 23. Be7 b6 24. Rd6 Bb7 25. Rxf6 Nxf6 26. Bxf6 Kd6 27. Bxg5 c5
28. Kf2 Bc6 29. h4 b5 30. h5 bxc4 31. bxc4 Rb8 32. Bc1 Ke7 33. h6 Kf7 34. g4 Rb4
35. g5 Rxc4 36. g6+ Kg8 37. Bg5 Rxc3 38. Bf6 Rh3 39. h7+ Rxh7 40. gxh7+ Kxh7 41.
Ke3 Ba4 42. c3 Kg8 43. Bxe5 c4 44. Bd4 Kf7 45. Kf4 Bc2 46. e5 Bd3 47. a3 a5 48.
Bc5 Ke8 49. e6 a4 50. Ke5 Kd8 51. f6 Bg6 52. f7 Kc7 53. f8=Q 1-0

[Event "Women's Speed Chess Q8"]
[Site "chess.com INT"]
[Date "2021.06.06"]
[Round "3"]
[White "Paehtz, Elisabeth"]
[Black "Nikolova, Adriana"]
[Result "1-0"]
[WhiteTitle "IM"]
[BlackTitle "WGM"]
[WhiteElo "2456"]
[BlackElo "2243"]
[WhiteFideId "4641833"]
[BlackFideId "2908689"]
[EventDate "2021.06.06"]

1. d4 d5 2. Bf4 Nf6 3. e3 c5 4. c3 Nc6 5. Nd2 Qb6 6. Qb3 c4 7. Qc2 Qd8 8. Ngf3
b5 9. e4 dxe4 10. Nxe4 Nd5 11. Bg3 Bg4 12. Be2 e6 13. a4 a6 14. O-O Be7 15. h3
Bf5 16. Rfe1 O-O 17. Bf1 Qb6 18. Qe2 Rfd8 19. Ne5 Nxe5 20. Bxe5 Bf8 21. Ng3 Bg6
22. Ne4 Qc6 23. h4 h6 24. h5 Bf5 25. Nd2 Bd3 26. Qg4 Bf5 27. Qg3 Kh8 28. Nf3 Ne7
29. Nh4 Bh7 30. Be2 Nf5 31. Nxf5 Bxf5 32. Bf3 Qd7 33. Bxa8 Rxa8 34. Qf3 Ra7 35.
axb5 Qxb5 36. Qe3 Rb7 37. Qxh6+ Kg8 38. Qg5 Qxb2 39. h6 f6 40. Bxf6 Qxc3 41. Be5
Rf7 42. Rac1 Qd3 43. Re3 Qd2 44. Rcc3 Bd3 45. Rcxd3 Qxf2+ 46. Kh2 cxd3 47. Rf3
Rxf3 48. hxg7 Bb4 49. Qd8+ Bf8 50. gxf8=Q+ Rxf8 51. Qg5+ Kf7 52. Bg3 Qf5 53. Qh4
Qf6 54. Qh7+ Qg7 55. Qxd3 Rh8+ 56. Kg1 Rg8 57. Qf3+ Ke8 58. Be5 1-0

[Event "Women's Speed Chess Q8"]
[Site "chess.com INT"]
[Date "2021.06.06"]
[Round "3"]
[White "Hng, Mei-En Emmanuelle"]
[Black "Mkrtchian, Lilit"]
[Result "1/2-1/2"]
[WhiteTitle "WFM"]
[BlackTitle "IM"]
[WhiteElo "2013"]
[BlackElo "2388"]
[WhiteFideId "5804566"]
[BlackFideId "13300601"]
[EventDate "2021.06.06"]

1. e4 e6 2. Nf3 d5 3. exd5 exd5 4. d4 Bd6 5. Bd3 Ne7 6. O-O O-O 7. h3 Bf5 8. Bg5
f6 9. Be3 c6 10. Re1 Nd7 11. c4 Bxd3 12. Qxd3 dxc4 13. Qxc4+ Nd5 14. Nc3 Nb6 15.
Qb3 Kh8 16. Nxd5 cxd5 17. Rac1 Qd7 18. Nd2 Rac8 19. Qd3 Kg8 20. a3 Rc7 21. Rxc7
Qxc7 22. Nf3 Qc4 23. Qf5 Qc8 24. Qd3 Qd7 25. Rc1 Nc4 26. Nd2 b5 27. Nxc4 bxc4
28. Qc3 Rb8 29. Qa5 Rb5 30. Qa4 Qb7 31. Rc2 Kf7 32. b4 cxb3 33. Rb2 a6 34. g3
Qb6 35. Kg2 g5 36. Kg1 h5 37. Kg2 Qa5 38. Qxa5 Rxa5 39. Rxb3 Rxa3 40. Rb7+ Kg6
41. Rb6 Be7 42. h4 Kf5 43. hxg5 fxg5 44. Rb7 Bf6 45. Rf7 a5 46. Rh7 Kg6 47. Rd7
Rd3 48. Rxd5 a4 49. Ra5 a3 50. d5 Kf7 51. d6 Ke6 52. Bc5 Bb2 53. Ra7 Rd1 54. d7
Rxd7 55. Ra6+ Kf5 56. Bxa3 Bxa3 57. Rxa3 g4 1/2-1/2

[Event "Women's Speed Chess Q8"]
[Site "chess.com INT"]
[Date "2021.06.06"]
[Round "3"]
[White "Kulkarni, Bhakti"]
[Black "Kotepalli, Sai Nirupama"]
[Result "1-0"]
[WhiteTitle "IM"]
[BlackTitle "WFM"]
[WhiteElo "2391"]
[BlackElo "1914"]
[WhiteFideId "5019516"]
[BlackFideId "5039444"]
[EventDate "2021.06.06"]

1. d4 Nc6 2. Nf3 d6 3. d5 Nb8 4. g3 e6 5. c4 Nf6 6. Bg2 exd5 7. cxd5 Bf5 8. Nc3
Nbd7 9. O-O Nc5 10. Nd4 Bg6 11. e4 Be7 12. Re1 O-O 13. f4 Bh5 14. Qc2 a5 15. b3
Bg6 16. Bb2 Re8 17. h3 h5 18. f5 Bh7 19. Rad1 Nfd7 20. Nf3 Bf6 21. a3 Ne5 22.
Nxe5 Bxe5 23. b4 axb4 24. axb4 Na6 25. Nb5 Bxg3 26. Rf1 Be5 27. Bxe5 Rxe5 28.
Rd4 Qf6 29. Qc3 Re7 30. Rc1 Rc8 31. Kh1 g6 32. Rg1 gxf5 33. exf5 Bxf5 34. Be4+
Bg6 35. Bxg6 fxg6 36. Rdg4 Qxc3 37. Rxg6+ Kf7 38. Nxc3 Nxb4 39. Rg7+ Ke8 40.
R7g5 Kd7 41. Rxh5 Rf8 42. h4 Rf3 43. Nb5 c6 44. dxc6+ bxc6 45. Nd4 Rd3 46. Nf5
Rf7 47. Rhg5 Rd5 48. Rf1 Nc2 49. Kg1 c5 50. h5 Rh7 51. h6 Nd4 52. Rg7+ Kc6 53.
Nxd4+ Rxd4 54. Rxh7 1-0

[Event "Women's Speed Chess Q8"]
[Site "chess.com INT"]
[Date "2021.06.06"]
[Round "3"]
[White "Nguyen, Hong Ngoc"]
[Black "Komiagina, Maria"]
[Result "0-1"]
[WhiteTitle "WCM"]
[BlackTitle "WIM"]
[WhiteElo "1957"]
[BlackElo "2241"]
[WhiteFideId "12403083"]
[BlackFideId "4153987"]
[EventDate "2021.06.06"]

1. d4 Nf6 2. c4 e6 3. g3 d5 4. cxd5 exd5 5. Bg2 Be7 6. Nf3 h6 7. Nc3 O-O 8. O-O
c6 9. Re1 Bf5 10. Nh4 Be6 11. e4 Nxe4 12. Bxe4 dxe4 13. Ng2 f5 14. Nf4 Bf7 15.
d5 c5 16. Be3 Bd6 17. Qb3 b6 18. Rad1 Qe7 19. a4 Nd7 20. Nb5 Ne5 21. Kg2 a6 22.
Nxd6 Qxd6 23. Ne2 Rab8 24. Bf4 g5 25. Bxe5 Qxe5 26. Qc3 Qxc3 27. Nxc3 Rfd8 28.
Rd2 Rd6 29. f3 exf3+ 30. Kxf3 b5 31. axb5 axb5 32. Re5 Bg6 33. Re6 Rxe6 34. dxe6
Re8 35. Rd6 Kg7 36. Nd5 Bh5+ 37. Kf2 b4 38. Rd7+ Kf8 39. Rd6 Bg6 40. h4 b3 41.
hxg5 hxg5 42. Ke3 c4 43. Kd4 f4 44. gxf4 g4 45. Ne3 g3 46. Kxc4 Be4 47. Rd2 Rxe6
48. f5 Rc6+ 49. Kxb3 Bf3 50. Ng2 Kf7 51. Nh4 Be4 52. Re2 Bd5+ 53. Kb4 Kf6 54.
Rd2 Bh1 55. Kb5 Kg5 0-1